Responses for Show #4144 - Thursday, September 12, 2002

(Sofia: Fast lane racing clues on Jeopardy!... stay tuned!)

Contestants

[<< previous game]

Julie Agnew Thomas, a chamber-of-commerce executive from Barlow, Kentucky

Tom Kelso, a credit analyst from Chicago, Illinois

Lorraine Cruz, a substitute teacher from Temecula, California (whose 1-day cash winnings total $20,000)

[next game >>]

Jeopardy! Round responses

RELIGIOUS FESTIVALS
(Alex: We'll give you the festival, you name the religion.)
SWEETS
(Alex: You have to name the film because we'll give you the...)
'90s MOVIE LINES
2001
"A" ____
ODYSSEY
(Alex: The epic.)
    $200 17
[NOTE: This was the 140,000th clue entered into the J! Archive, 2008-07-25.]

Judaism

Tom
    $200 1
(Julie: What are Red Hots?)

Hot Tamales

TomJulie
    $200 2
Forrest Gump

Lorraine
    $200 7
California

Tom
    $200 22
Archie

Lorraine
    $200 12
Troy

Tom
    $400 18
Roman Catholicism

Lorraine
    $400 27
Halvah

Julie
    $400 3
Shakespeare in Love

Julie
    $400 8
corn

Julie
    $400 23
Alabama

Tom
    $400 13
Helen of Troy

Julie
    $600 19
Islam

Lorraine
    $600 28
(Tom: What is Snickers?)
(Julie: What is Baby Ruth?)

Mr. Goodbar

TomJulie
Triple Stumper
    $600 4
The Cider House Rules

Tom
    $600 9
a volcanic eruption (or volcanic explosion)

Lorraine
    $600 24
(Tom: What is avocado?)

apple

Tom
Triple Stumper
    $600 14
1

Tom
    $800 20
Hinduism

Tom
    $800 29
marzipan

Lorraine
    $800 5
Wayne's World

Lorraine
    $800 10
Ariel Sharon

Tom
    $800 25
Atlantis

Tom
    $800 15
(Lorraine: What is a lute?)
(Julie: What is a harp?)

a lyre

LorraineTomJulie
    $1000 21
(Julie: What is Hinduism?)

Buddhism

Julie
Triple Stumper
    $1000 30
an eclair

Tom
    $1000 6
Jerry Maguire

Tom
    $1000 11
Japan

Tom
    $1000 26
(Lorraine: Who is Artemis?)

Athos

LorraineTom
    $2,000 16
Calypso

Tom

Scores at the first commercial break (after clue 15):

Lorraine Tom Julie
$800 $5,400 $200

Scores at the end of the Jeopardy! Round:

Lorraine Tom Julie
$1,800 $10,400 -$1,000

Double Jeopardy! Round responses

SCIENCE IN THE 1800s
MYSTERY!
(Alex: The PBS series, of course.)
WOMEN
19!
(Alex: In honor of our 19th season!)
IT BORDERS BOTH
(Alex: Geography, obviously.)
A VERY "P.C." CATEGORY
    $400 2
chlorophyll

Lorraine
    $400 26
Sherlock Holmes

Lorraine
    $400 1
(Julie: Who is Rachel?)

Eve

TomJulie
    $400 9
(Julie: What is an Emmy?)
(Alex: We were going for the character.)

Erica Kane

TomJulie
    $400 10
France

Tom
    $400 4
Panama Canal

Lorraine
    $2,200 3
geology

Lorraine
    $800 27
Miss Marple

Tom
    $800 18
Wonder Woman

Lorraine
    $800 22
Steely Dan

Tom
    $800 11
Iran

Lorraine
    $800 5
pit crew

Lorraine
    $1200 15
(Tom: What is solar energy?)

kinetic energy

Tom
Triple Stumper
    $1200 28
Lord Peter Wimsey

Tom
    $1200 19
Jill Clayburgh

Tom
    $1200 23
(Julie: To vote...for women to vote.)
(Tom: What is to vote?)
(Alex: Sorry, Julie; I hate to do it to you; Tom, less than a minute.)

vote

TomJulie
    $1200 12
Libya

Tom
    $1200 6
pygmy chimpanzees

Lorraine
    $1600 16
Heinrich Hertz

Julie
    $1600 29
Prime Suspect

Tom
    $1600 20
Mary Wollstonecraft (Godwin)

Triple Stumper
    $1600 24
tau

Tom
    $1600 13
Turkey

Tom
    $1600 7
(Julie: What is the Presbyterian Church?)

Plymouth Colony

LorraineJulie
    $2000 17
Merck Manual

Triple Stumper
    $2000 30
Inspector Morse

Tom
    $2000 21
(Julie: Who is Cokie Roberts?)

Nina Totenberg

TomJulie
    $2000 25
A Connecticut Yankee in King Arthur's Court

Lorraine
    $2,000 14
Indonesia

Tom
    $2000 8
Pablo Casals

Lorraine

Scores at the end of the Double Jeopardy! Round:

Lorraine Tom Julie
$14,400 $27,600 -$5,000

[wagering suggestions for these scores]

Final Jeopardy! Round responses

U.S. HISTORY
(Alex: And once again, a 1-day champion. Are you going to be a 2-day champion, Tom? We'll see you tomorrow, right here!)
LorraineWhat is Valley Forge?
$14,400
TomWhat is West Point?
$1,201
West Point

Final scores:

Lorraine Tom Julie
$0 $28,801 -$5,000
2nd place: $2,000 New champion: $28,801 3rd place: $1,000

Game dynamics:

Coryat scores:

Lorraine Tom Julie
$13,000 $26,600 -$5,000
18 R
(including 1 DD),
2 W
31 R
(including 2 DDs),
3 W
5 R,
9 W

Combined Coryat: $34,600

[game clues] [game scores] [suggest correction]

Game tape date: 2002-06-11
The J! Archive is created by fans, for fans. Scraping, republication, monetization, and malicious use prohibited; this site may use cookies and collect identifying information. See terms. The Jeopardy! game show and all elements thereof, including but not limited to copyright and trademark thereto, are the property of Jeopardy Productions, Inc. and are protected under law. This website is not affiliated with, sponsored by, or operated by Jeopardy Productions, Inc. Join the discussion at JBoard.tv.